1978 el año más dramático del siglo : Chile frente a la amenaza Argentina /

1978 fue, indudablemente, el año más largo y difícil de todo el siglo XX para Chile, al verse enfrentado a la amenaza argentina para arrebatarnos parte de nuestros territorios australes. La ambición trasandina por constituirse en una nación bioceánica que controlara el importante paso del mar de Dra...

Full description

Bibliographic Details
Main Author: Bravo Valdivieso, Germán 1933-
Format: Libro
Language:Spanish
Published: Viña del Mar Altazor 2015
Subjects:
Online Access:

MARC

LEADER 00000cam a2200000 a 4500
001 000258
003 UAHC_CL
005 20170815211123.0
008 170726s2015 cl 000 spa
020 |a 9789569205569 
040 |a UAHC_CL  |c UAHC_CL  |d UAHC_CL 
082 0 4 |a 327.83082  |b B826  |2 20 
100 1 |a Bravo Valdivieso, Germán  |d 1933- 
245 1 0 |a 1978 el año más dramático del siglo :  |b Chile frente a la amenaza Argentina /  |c Germán Bravo Valdivieso. 
260 |b Altazor  |a Viña del Mar  |c 2015 
300 |a 372 p. 
520 |a 1978 fue, indudablemente, el año más largo y difícil de todo el siglo XX para Chile, al verse enfrentado a la amenaza argentina para arrebatarnos parte de nuestros territorios australes. La ambición trasandina por constituirse en una nación bioceánica que controlara el importante paso del mar de Drake, la ha ventilado a través de su historia y la mayoría de las veces se encontró con gobiernos chilenos entreguistas, que invocando principios americanistas, no dudaron en ceder territorios, que la mayoría de las veces, ni siquiera conocían, y no por ello dejaron de desprestigiarlos, aduciendo que no valían nada. En este libro hemos relatado, dentro de las acciones diplomáticas desarrolladas, la movilización de las fuerzas armadas y de carabineros, quienes estuvieron, en todo momento, dispuestos a ofrendar sus vidas si la patria se lo imponía. 
651 4 |a CANAL BEAGLE (ARGENTINA Y CHILE) 
651 4 |a ARGENTINA  |x LIMITES  |z CHILE 
651 4 |a CHILE  |x LIMITES  |z ARGENTINA 
653 |a LICENCIATURA EN HISTORIA 
900 |a 983 BRA 
942 |c BK 
952 |0 0  |1 0  |4 0  |6 983_000000000000000_BRA  |7 0  |8 General  |9 88558  |a BC  |b BC  |c General  |d 2017-08-15  |l 0  |o 983 BRA  |p 1442203  |r 2026-01-13 00:00:00  |t 1  |w 2017-08-15  |y BK 
999 |c 49627  |d 49627